1736 1730 1751 1205 1865 1338 1965 1176 1078 1634 1851 1261 1450 1762 1967 1318 1717 1820 1722 1542 1755 1811 1265 1413 1994 1203 1447 1920 1297 1644 1534 1967 1010 1719 1812 1320 1140 1286 1118 1750 1747 1957 1418 1090 1558 1979 1698 1343 1732 1441 1321 1110 1892 1868 1095 1121 1571 1036 1954 1704 1861 1604 1628 1266 1007 1905 1469 1791 1411 1370 1276 1349 1569 1836 1512 1034 1222 1932 1585 1211 1906 1923 1129 1735 1372 1046 1597 1495 1781 1689 1871 1666 1362 1943 1795 1541 1269 1075 1177 BCNSPRNW ULIB Ver.6.0+V

เปลี่ยนเป็นภาษาไทย

Change to English
 แสดงรายละเอียดบรรณานุกรม
  กลับหน้าหลัก

Brief Record : Get Marc (ISO 2709) : E-mail record : QR code < ปิดหน้าต่าง
LEADER : 00000nam 2200000uu 4500
001    13399122439
003     ULIB
008    130612s2555||||th 000 0 tha d
020    ^a9789746727006
060 04 ^aWY100^bก499 ล.1
110 1  ^aมหาวิทยาลัยเชียงใหม่.^bคณะพยาบาลศาสตร์^b.กลุ่มการพยาบาลสาธารณสุข
245 10 ^aการรักษาพยาบาลโรคเบื้องต้น เล่ม1/^cบรรณาธิการ,วราภรณ์ บุญเชียง,วิลาวัณย์ เตือนราษฎร์
260    ^aเชียงใหม่ :^bกลุ่มการพยาบาลสาธารณสุข คณะพยาบาลศาสตร์ มหาวิทยาลัยเชียงใหม่,^c2555
300    ^a129 หน้า
650  7 ^aโรคเบื้องต้น
650  7 ^aพยาบาลโรคเบื้องต้น
700 12 ^aวราภรณ์ บุญเชียง.^eบรรณาธิการ
700 12 ^aวิลาวัณย์ เตือนราษฎร์.^eบรรณาธิการร่วม
945    ^p150^l0^i19907
945    ^p150^l0^i19908
945    ^p150^l0^i19909
945    ^p150^l0^i19910
945    ^p150^l0^i19911
995    ^aทศพ
999    ^aทศพร
รายการนี้ยังไม่มีแท็ก
คุณยังไม่ได้ล็อกอิน คุณสามารถมีกิจกรรมร่วมกับเว็บไซต์ได้ แต่ต้องล็อกอินก่อน ::
  ล็อกอิน

รายการสื่อสารสนเทศ

ลำดับที่ ประเภท เลขเรียก/บาร์โค้ด สถานที่ สถานะ
1. Book การพยาบาล
Book การพยาบาล
สถานะ=หนังสือเก่า
WY100 ก499 ล.1 ฉ.1 
  Barcode: 19907
ห้องสมุดวิทยาเขตนครสวรรค์
►ส่วนจัดเก็บหนังสือเก่า นว.
บนชั้น
  ขอยืม
2. Book การพยาบาล
Book การพยาบาล
สถานะ=หนังสือเก่า
WY100 ก499 ล.1 ฉ.2 
  Barcode: 19908
ห้องสมุดวิทยาเขตนครสวรรค์
►ส่วนจัดเก็บหนังสือเก่า นว.
บนชั้น
  ขอยืม
3. Book การพยาบาล
Book การพยาบาล
สถานะ=หนังสือเก่า
WY100 ก499 ล.1 ฉ.3 
  Barcode: 19909
ห้องสมุดวิทยาเขตนครสวรรค์
►ส่วนจัดเก็บหนังสือเก่า นว.
บนชั้น
  ขอยืม
4. Book การพยาบาล
Book การพยาบาล
สถานะ=หนังสือเก่า
WY100 ก499 ล.1 ฉ.4 
  Barcode: 19910
ห้องสมุดวิทยาเขตนครสวรรค์
►ส่วนจัดเก็บหนังสือเก่า นว.
บนชั้น
  ขอยืม
5. Book การพยาบาล
Book การพยาบาล
สถานะ=หนังสือเก่า
WY100 ก499 ล.1 ฉ.5 
  Barcode: 19911
ห้องสมุดวิทยาเขตนครสวรรค์
►ส่วนจัดเก็บหนังสือเก่า นว.
บนชั้น
  ขอยืม

รายการใกล้เคียง
    หัวเรื่อง [โรคเบื้องต้น]
    หัวเรื่อง [พยาบาลโรคเบื้องต้น]

BibComment


ยังไม่เคยถูกคอมเมนท์

คอมเมนท์ทรัพยากรรายการนี้
  คอมเมนท์: การรักษาพยาบาลโร..


 Copyright 2026. Bcnsprnw @Library